书目信息 |
| 题名: |
文艺鉴赏指导
|
|
| 作者: | ;中国青年出版社 编 | |
| 分册: | 二 | |
| 出版信息: | 北京 中国青年出版社 1982.9 |
|
| 页数: | 129页 | |
| 开本: | 19cm | |
| 丛书名: | 青年修养通讯 | |
| 单 册: | ||
| 中图分类: | D432-51 | |
| 科图分类: | ||
| 主题词: | 青年组织 , 学生运动 , 青年运动 , 学生组织 | |
| 电子资源: | ||
| ISBN: | ||
| 000 | 00747nam0 2200277 45 | |
| 001 | 0302260874 | |
| 005 | 20060814112805.39 | |
| 010 | @dCNY0.48 | |
| 091 | @a7009.283 | |
| 100 | @a20030226d1982 km y0chiy0120 ea | |
| 101 | 0 | @achi |
| 105 | @ac z 000yy | |
| 200 | 1 | @a文艺鉴赏指导@h二@AWen Yi Jian Shang Zhi Dao@f本社编@FBen She Bian |
| 210 | @a北京@c中国青年出版社@d1982.9 | |
| 215 | @a129页@d19cm | |
| 215 | @a129页@d20cm | |
| 225 | @a青年修养通讯@h第十三 | |
| 410 | @12001 @a青年修养通讯 | |
| 606 | 0 | @a青年组织 |
| 606 | 0 | @a学生运动 |
| 606 | 0 | @a青年运动 |
| 606 | 0 | @a学生组织 |
| 690 | @aD432-51@v3 | |
| 711 | 02 | @a中国青年出版社@AZhong Guo Qing Nian Chu Ban She@4编 |
| 801 | @aCN@bTSTC@c20060814 | |
| 905 | @dD432-51@e50:2 | |
| 文艺鉴赏指导.二/本社编.-北京:中国青年出版社,1982.9 |
| 129页;19cm.-129页;20cm.-(青年修养通讯.第十三) |
| ISBN :CNY0.48 |
| ● |
| 相关链接 |
|
|
|
|
正题名:文艺鉴赏指导
索取号:D432-51/50:2
 
预约/预借
| 序号 | 登录号 | 条形码 | 馆藏地/架位号 | 状态 | 备注 |
| 1 | 0082446 | 001752712 | 密集书库/ [索取号:D432-51/50:2] | 在馆 | |
| 2 | 0082447 | 000381483 | 第一样本阅览室/ [索取号:D432-51/50:2] | 在馆 | |
| 3 | 0082448 | 001752767 | 密集书库/ [索取号:D432-51/50:2] | 在馆 | |
| 4 | 0082449 | 001660054 | 密集书库/ [索取号:D432-51/50:2] | 在馆 | |
| 5 | 0082450 | 202273119 | 密集书库/ [索取号:D432-51/50:2] | 在馆 | |
| 6 | 0082451 | 001660116 | 密集书库/ [索取号:D432-51/50:2] | 在馆 | |
| 7 | 0082452 | 001660125 | 密集书库/ [索取号:D432-51/50:2] | 在馆 | |
| 8 | 0082453 | 001710508 | 密集书库/ [索取号:D432-51/50:2] | 在馆 | |
| 9 | 0082454 | 000381492 | 密集书库/ [索取号:D432-51/50:2] | 在馆 | |
| 10 | 0082455 | 001709707 | 密集书库/ [索取号:D432-51/50:2] | 在馆 | |
| 11 | 0424522 | 204245227 | 密集书库/ [索取号:D432-51/50:2] | 在馆 | |
| 12 | 0426414 | 204264143 | 密集书库/ [索取号:D432-51/50:2] | 在馆 | |
| 13 | 0426415 | 204264152 | 密集书库/ [索取号:D432-51/50:2] | 在馆 | |
| 14 | 0426416 | 204264161 | 密集书库/ [索取号:D432-51/50:2] | 在馆 | |
| 15 | 0441799 | 204417997 | 密集书库/ [索取号:D432-51/50:2] | 在馆 | |
| 16 | 0444938 | 204449383 | 密集书库/ [索取号:D432-51/50:2] | 在馆 | |
| 17 | 0446772 | 204467727 | 密集书库/ [索取号:D432-51/50:2] | 在馆 | |
| 18 | 0459746 | 204597463 | 密集书库/ [索取号:D432-51/50:2] | 在馆 |